El Movimiento obrero las luchas populares en Nicaragua

El texto tiene como propósito presentar el proceso formativo de organizaciones obreras clasistas de Nicaragua por medio de la recopilación de material de cuatro folletos , que es enriquecido con un análisis histórico de los dirigentes de la Revolución. De esta forma se concluye que las experiencias...

全面介紹

Guardado en:
書目詳細資料
主要作者: Rivas Mejía, Carlos Obarú
格式: Texto
語言:Spanish
出版: Managua: CIERA
標簽: 添加標簽
沒有標簽, 成為第一個標記此記錄!

MARC

LEADER 00000 a a2200000 04500
001 21016
003 cru IIS
005 20230320112713.0
008 230320b |||||||| |||| 00| 0 spa d
040 |c CRAI IIS 
090 |a 090500  
100 |a Rivas Mejía, Carlos Obarú  
245 |a El Movimiento obrero las luchas populares en Nicaragua  
260 |a Managua:   |b CIERA  
300 |a 41 p.  
520 |a El texto tiene como propósito presentar el proceso formativo de organizaciones obreras clasistas de Nicaragua por medio de la recopilación de material de cuatro folletos , que es enriquecido con un análisis histórico de los dirigentes de la Revolución. De esta forma se concluye que las experiencias organizativas de los trabajadores urbanos en Nicaragua, en lo sindical como en lo político, se integran objetivamente en el mismo proceso de liberación nacional y social en que se forma descollante actuará en la vanguardia el General Augusto Cesar Sandino, y luego en su continuidad el Frente Sandinista de Liberación Nacional. FGO 20/03/2023 
942 |2 ddc  |c LI 
999 |c 1405  |d 1405